[Event "Corrientes Verdad y Justicia Cup"]
[Site "Corrientes"]
[Date "2022.03.26"]
[Round "2"]
[White "Maciel, Facundo"]
[Black "Zalazar, Diego"]
[Result "0-1"]
[WhiteElo "1575"]
[BlackElo "1799"]
[PlyCount "124"]
[EventDate "2022.03.26"]
[EventType "swiss"]
[EventRounds "6"]
[EventCountry "ARG"]
[SourceTitle "EXT 2023"]
[Source "ChessBase"]
[SourceDate "2022.10.05"]
[SourceVersion "1"]
[SourceVersionDate "2022.10.05"]
[SourceQuality "1"]

1. e4 c5 2. c3 Nf6 3. e5 Nd5 4. d4 cxd4 5. cxd4 d6 6. Nf3 Nc6 7. Bc4 Nb6 8. Bb5 Bd7 9. exd6 e6 10. 0-0 Bxd6 11. Re1 Nd5 12. Bc4 0-0 13. Ne5 Rc8 14. Nxd7 Qxd7 15. Bxd5 exd5 16. Nc3 a6 17. Na4 Bb8 18. h3 Qc7 19. g3 Qd7 20. Kg2 Ba7 21. Be3 Qf5 22. Qd2 b5 23. g4 Qg6 24. Nc3 b4 25. Ne2 Rfe8 26. f3 Qf6 27. Bg5 Qg6 28. Be3 Bb8 29. Bf4 Ba7 30. Be3 Re7 31. Nf4 Qd6 32. Bf2 Rd7 33. Rad1 Bb6 34. b3 Bc7 35. Bg3 Qh6 36. Ne2 Qxd2 37. Rxd2 Bxg3 38. Nxg3 Na7 39. Nf5 Kf8 40. Rde2 Nb5 41. Ne7 Ra8 42. Nc6 a5 43. Re7 Rxe7 44. Rxe7 Nxd4 45. Rd7 Nxc6 46. Rxd5 Ke7 47. Rc5 Kd6 48. Rc2 Re8 49. Kf2 Kd5 50. Rd2+ Nd4 51. h4 Rc8 52. f4 Rc2 53. Rxc2 Nxc2 54. Kf3 Nd4+ 55. Ke3 Nb5 56. f5 Nc3 57. Kf4 f6 58. g5 Ne4 59. gxf6 Nxf6 60. Kg5 Ke5 61. h5 Nd5 62. Kg4 Kf6 0-1